00661nam a2200193Ia 4500008004100000020001500041082001500056100002300071245007100094250000800165260003600173300002900209500001900238600002100257650005000278942000700328952011700335999001500452240925s9999 xx 000 0 und d a8120321030 a004.22 STA aStallings, William 0aComputer Organization and Architecture: designing for performance  a6th aNew York:bMc Graw HIllc,2003. axix,1012p.bNAfOriginal aIncludes Index aComputer Science aComputer science, information & general works cBK 001040708CSaUITUbUITUd2005-02-02eF.B.Cg120.00l0o004.22 STApQ6046r2024-09-25 07:14:03w2024-09-25yBK c8545d8545